Normal view
MARC view
- Elektroteknik
Entry Topical Term
001 - CONTROL NUMBER
- control field: 101470
003 - CONTROL NUMBER IDENTIFIER
- control field: NUST
005 - DATE AND TIME OF LATEST TRANSACTION
- control field: 20221027104517.0
008 - FIXED-LENGTH DATA ELEMENTS
- fixed length control field: 221027|| aca||aabn | a|a d
040 ## - CATALOGING SOURCE
- Original cataloging agency: NUST
- Transcribing agency: NUST
150 ## - HEADING--TOPICAL TERM
- Topical term or geographic name entry element: Elektroteknik
670 ## - SOURCE DATA FOUND
- Source citation: Work cat.: (NUST)188551: Smith, Ralph Judson 101469, Circuits, devices and systems :, cop. 1992
